Štúdium prechodu chrómu do zvarového kovu z niektorých Cr komponent v obalovej hmote austentických Cr-Ni elektród. (Riešené pomocou rádionuklidu Cr51) /

Enregistré dans:
Détails bibliographiques
Auteur principal: Žitňanský, Bohumil (Auteur)
Format: Manuscrit Livre
Publié: Bratislava : Service Fachverlag, 1964
Tags: Ajouter un tag
Pas de tags, Soyez le premier à ajouter un tag!

MARC

LEADER 00000ntm a22000003a 4500
001 stu47309
005 20150617225712.4
008 ------s1964----cs----------------------d
040 |a STU  |b slo 
041 0
044 |a cs 
080 |a 621.791.74  |7 stu_us_auth*stu1318 
100 1 |a Žitňanský, Bohumil  |4 aut 
245 1 |a Štúdium prechodu chrómu do zvarového kovu z niektorých Cr komponent v obalovej hmote austentických Cr-Ni elektród. (Riešené pomocou rádionuklidu Cr51) /  |c [aut.] Žitňanský,Bohumil 
260 |a Bratislava :  |b Service Fachverlag,  |c 1964 
300 |a 93 s 
996 |b 284J002668  |c J*10338/DIZ.  |l JJSK  |s A  |a 24  |w stu47309_0001